00237 a2200109 450000100060000008200190000610000140002524500400003925000110007926000250009030000120011566183 a515.102462 BOL aBolton W. aMathematics for engineering, 4th Ed a4th Ed aOxfordbNewnesc1995 aix, 670